| 000 | 00473nam a22001697a 4500 | ||
|---|---|---|---|
| 003 | OSt | ||
| 005 | 20251215120355.0 | ||
| 008 | 251215b |||||||| |||| 00| 0 eng d | ||
| 040 |
_aLC _cJCSC |
||
| 050 |
_aDA 69.3 _b.M56 1984 |
||
| 100 | _a Alamein K.G | ||
| 245 |
_aThe memoirs of field-marshal the viscount montgomery of Alamein K.G / _cAlamein K.G. |
||
| 260 |
_aDehra dun : _bNatraj ; _c1984. |
||
| 300 | _a574 pages. | ||
| 504 | _aIncludes index. | ||
| 942 |
_2lcc _cBK _n0 |
||
| 999 |
_c23255 _d23254 |
||